| 000 | 00360 a2200169 4500 | ||
|---|---|---|---|
| 001 | 187007 | ||
| 020 | _a85-16-00469-4 | ||
| 040 | _cMagnum | ||
| 100 | _aBandeira, Pedro | ||
| 240 | 1 | 0 |
_aUma ideia solta no ar _lpor |
| 245 | 1 | 0 | _aUma ideia solta no ar |
| 300 | _a40 | ||
| 362 | 0 | _a1991 | |
| 440 | 1 | _aModerna | |
| 697 | _aLITERATURA INFANTO | ||
| 942 | _cBK | ||
| 999 |
_c187007 _d187007 |
||